| 000 | 00542nam a22002057a 4500 | ||
|---|---|---|---|
| 001 | sjds | ||
| 003 | sjds | ||
| 005 | 20240602190838.0 | ||
| 008 | 240602b |||||||| |||| 00| 0 spa d | ||
| 020 | _a9780395630839 | ||
| 020 | _a0395630835 | ||
| 040 | _csjds | ||
| 100 | 1 | _aBarbot, Daniel | |
| 245 | 1 | 3 |
_aUn diente se mueve / _cDaniel Barbot |
| 246 | _aUn diente se mueve | ||
| 260 |
_aBoston : _bHoughton Mifflin, _c1993. |
||
| 300 |
_a23 pages : _bcolor illustrations ; _c20 x 24 cm |
||
| 440 | _aCelebremos la literatura | ||
| 942 | _cBK | ||
| 999 |
_c29845 _d29843 |
||